1010 1865 1546 1320 1256 1649 1379 1057 1980 1245 1661 1413 1105 1504 1026 1468 1496 1124 1081 1003 1481 1194 1898 1783 1641 1283 1530 1383 1107 1363 1849 1169 1164 1387 1738 1584 1043 1078 1031 1818 1889 1974 1796 1053 1244 1036 1248 1438 1500 1658 1215 1457 1020 1199 1396 1723 1117 1703 1052 1817 1173 1390 1058 1834 1654 1797 1733 1127 1790 1804 1344 1470 1222 1374 1929 1573 1043 1523 1792 1661 1847 1314 1712 1331 1769 1687 1661 1574 1328 1159 1139 1358 1696 1286 1236 1933 1405 1662 1690 BCNSPRNW ULIB Ver.6.0+V

เปลี่ยนเป็นภาษาไทย

Change to English
 แสดงรายละเอียดบรรณานุกรม
  กลับหน้าหลัก

Brief Record : Get Marc (ISO 2709) : E-mail record : QR code < ปิดหน้าต่าง
LEADER : 00000nam 2200000uu 4500
001    13399124379
003     ULIB
008    150529s2555||||th 000 0 tha d
099    วจ.WY18.8^bม468ผ
100 0  มารศรี จันทร์ดี, พนิดา พาลี, พิมลพรรณ เนียมหอม, ภัทรานิษฐ์ จองแก และทิพย์สุดา เส็งพานิช
245 00 ผลของการจัดการเรียนการสอนโดยใช้กรณีศึกษาต่อความสามารถในการใช้กระบวนการพยาบาลของนักศึกษาพยาบาล รายวิชาปฏิบัติการพยาบาลบุคคลที่มีปัญหาสุขภาพ 1
260    เชียงใหม่:^bวิทยาลัยพยาบาลบรมราชชนนี เชียงใหม่, ^c2555
300    83 หน้า
650  0 การจัดการเรียนการสอน^xวิจัย
700 0  พนิดา พาลี,^eผู้ร่วมวิจัย
700 0  พิมลพรรณ เนียมหอม,^eผู้ร่วมวิจัย
700 0  ภัทรานิษฐ์ จองแก,^eผู้ร่วมวิจัย
700 0  ทิพย์สุดา เส็งพานิช,^eผู้ร่วมวิจัย
945    ^p0^l0^i039459
999    ^aเกษร โพธิ์สุวรรณ
รายการนี้ยังไม่มีแท็ก
คุณยังไม่ได้ล็อกอิน คุณสามารถมีกิจกรรมร่วมกับเว็บไซต์ได้ แต่ต้องล็อกอินก่อน ::
  ล็อกอิน

รายการสื่อสารสนเทศ

ลำดับที่ ประเภท เลขเรียก/บาร์โค้ด สถานที่ สถานะ
1. งานวิจัย
งานวิจัย
วจ.WY18.8 ม468ผ ฉ.1 
  Barcode: 039459
ห้องสมุดวิทยาเขตสวรรค์ประชารักษ์
►วิจัย
บนชั้น

BibComment


ยังไม่เคยถูกคอมเมนท์

คอมเมนท์ทรัพยากรรายการนี้
  คอมเมนท์: ผลของการจัดการเรี..


 Copyright 2026. Bcnsprnw @Library